000
00303nam a22001097a 4500
082
_a
621.38153 GRO'O
100
_a
GRONNER, A
_9
80674
245
_a
OUTLINE OF TRANSISTOR CIRCUIT ANALYSIS INCLUDING PROBLEMS WITH STEP-BY-STEP SOLUTION
260
_a
NEWYORK
_b
REGENTS
_c
1966
300
_a
383P
942
_c
BK
999
_c
585572
_d
585572